[Event "Guelph Winter Pro-Am U1600"]
[Site "Guelph"]
[Date "2012.02.12"]
[Round "5"]
[White "Williamson, James"]
[Black "Guo, Richard"]
[Result "0-1"]
[WhiteElo "1217"]
[BlackElo "1276"]
[PlyCount "116"]
[EventDate "2012.02.10"]
[EventType "swiss"]
[EventRounds "5"]
[EventCountry "CAN"]
[SourceTitle "EXT 2022"]
[Source "ChessBase"]
[SourceDate "2021.10.06"]
[SourceVersion "1"]
[SourceVersionDate "2021.10.06"]
[SourceQuality "1"]

1. e4 g6 2. c3 d6 3. Be2 Nf6 4. d3 Bg7 5. Bd2 0-0 6. Na3 c5 7. Bf3 Nbd7 8. Be3 Rb8 9. h3 a5 10. Nc2 Ne5 11. Rb1 a4 12. Be2 Ned7 13. Nf3 b5 14. 0-0 b4 15. cxb4 cxb4 16. Ncd4 Bb7 17. Nd2 Qa5 18. Nc4 Qd8 19. Nf3 d5 20. Ncd2 dxe4 21. dxe4 Nxe4 22. Bd4 Nxd2 23. Qxd2 Bxf3 24. Bxg7 Kxg7 25. Bxf3 Ne5 26. Qe3 Nxf3+ 27. Qxf3 Qd6 28. Rfd1 Qe6 29. Qd5 Qxd5 30. Rxd5 Rfd8 31. Rbd1 Rxd5 32. Rxd5 a3 33. b3 Rc8 34. Rd2 h5 35. h4 e5 36. f3 Rc6 37. Kh2 Kf6 38. Kh3 Rc3 39. Kh2 Kf5 40. Re2 f6 41. Re4 Rc2 42. Rxb4 Rxa2 43. Ra4 g5 44. hxg5 fxg5 45. Kh3 h4 46. Kh2 Ra1 47. Ra8 a2 48. Rf8+ Ke6 49. Ra8 Kd5 50. Ra4 Kc5 51. Rc4+ Kb6 52. Rb4+ Ka5 53. Ra4+ Kb5 54. Ra8 Kb4 55. Rb8+ Ka3 56. Ra8+ Kb2 57. Kh3 Rh1+ 58. Kg4 Rh2 0-1

[Event "Guelph Winter Pro-Am U1600"]
[Site "Guelph"]
[Date "2012.02.11"]
[Round "2"]
[White "Guo, Richard"]
[Black "Lin, Benjamin1"]
[Result "1-0"]
[WhiteElo "1276"]
[BlackElo "1278"]
[PlyCount "115"]
[EventDate "2012.02.10"]
[EventType "swiss"]
[EventRounds "5"]
[EventCountry "CAN"]
[SourceTitle "EXT 2022"]
[Source "ChessBase"]
[SourceDate "2021.10.06"]
[SourceVersion "1"]
[SourceVersionDate "2021.10.06"]
[SourceQuality "1"]

1. e4 c5 2. Nf3 Nc6 3. d4 cxd4 4. Nxd4 e5 5. Nb5 a6 6. Nd6+ Bxd6 7. Qxd6 Qe7 8. Qxe7+ Ngxe7 9. Bd3 0-0 10. 0-0 d5 11. Nc3 d4 12. Na4 Be6 13. c4 Rad8 14. Bd2 Ng6 15. a3 a5 16. Nc5 Bc8 17. f4 exf4 18. Bxf4 Nxf4 19. Rxf4 Ne5 20. Rd1 Bg4 21. Rd2 Bc8 22. b4 axb4 23. axb4 b6 24. Na4 Rd6 25. c5 bxc5 26. bxc5 Rdd8 27. Bb5 Be6 28. Nb6 f6 29. Rf1 Rf7 30. Rc1 Rb7 31. Ba6 Rc7 32. Nd5 Ra7 33. Be2 Bxd5 34. Rxd4 Rad7 35. Rxd5 Rxd5 36. exd5 Rxd5 37. c6 Nxc6 38. Bc4 Ne7 39. Rd1 Kf8 40. Bxd5 Nxd5 41. Rxd5 Ke7 42. Kf2 Ke6 43. Ra5 g5 44. Ke3 h5 45. Ke4 h4 46. Ra6+ Kf7 47. Kf5 g4 48. Ra7+ Ke8 49. Ke6 Kd8 50. Rh7 f5 51. Kxf5 g3 52. h3 Ke8 53. Kf6 Kd8 54. Ke6 Kc8 55. Kd6 Kb8 56. Kc6 Ka8 57. Kb6 Kb8 58. Rh8# 1-0